Nonvoluntary class participation in graduate discussion courses: effects of grading and cold calling (Record no. 71775)

000 -LEADER
fixed length control field 00507pab a2200169 454500
008 - FIXED-LENGTH DATA ELEMENTS--GENERAL INFORMATION
fixed length control field 180718b2006 xxu||||| |||| 00| 0 eng d
100 ## - MAIN ENTRY--PERSONAL NAME
Personal name Dallimore, Elise J.
245 ## - TITLE STATEMENT
Title Nonvoluntary class participation in graduate discussion courses: effects of grading and cold calling
260 ## - PUBLICATION, DISTRIBUTION, ETC.
Date of publication, distribution, etc. 2006
300 ## - PHYSICAL DESCRIPTION
Extent p.354-77.
362 ## - DATES OF PUBLICATION AND/OR SEQUENTIAL DESIGNATION
Dates of publication and/or sequential designation Apr
650 ## - SUBJECT ADDED ENTRY--TOPICAL TERM
Topical term or geographic name entry element Management education
700 ## - ADDED ENTRY--PERSONAL NAME
Personal name Platt, Marjorie B.
700 ## - ADDED ENTRY--PERSONAL NAME
Personal name Hertenstein, Julie H.
773 ## - HOST ITEM ENTRY
Main entry heading Journal of Management Education
909 ## -
-- 71775
Holdings
Withdrawn status Lost status Damaged status Not for loan Permanent Location Current Location Date acquired Serial Enumeration / chronology Barcode Date last seen Price effective from Koha item type
        Indian Institute of Public Administration Indian Institute of Public Administration 2018-07-19 Volume no: 30, Issue no: 2 AR72235 2018-07-19 2018-07-19 Articles

Powered by Koha